Rappers Albums - Statistics

General Stats
  • This quiz has been taken 308 times
    90 since last reset
  • The average score is 18 of 21
Answer Stats
Question Answer % Correct
Jay-Z 4:44
98%
Kendrick Lamar To Pimp a Butterfly
98%
Tyler The Creator Flower Boy
95%
Lil Uzi Vert Luv is Rage
95%
Drake Take Care
95%
Juice Wrld The Party Never Ends
95%
MF DOOM Mm..Food
91%
Kanye West The College Dropout
91%
Ken Carson A Great Chaos
89%
Lil Mabu Young Genius
89%
Lil Yachty Bad Cameo
86%
Eminem Recovery
84%
2Pac Still I Rise
84%
Mac Miller Balloonerism
82%
Nas Gods Son
82%
Future I Never Liked You
82%
The Notorious B.I.G. Life After Death
75%
Travis Scott Owl Pharaoh
75%
Trippie Redd Pegasus
73%
Lil Wayne The Crossroads
68%
Lil Tecca Crunch Time
55%
No matching quizzes found
Score Distribution
Percent of People with Each Score
Percentile by Number Answered
Your Score History
You have not taken this quiz since the last reset